[Event "4NCL Division 1 & 2"]
[Site "Daventry, ENG"]
[Date "2022.04.30"]
[Round "7.77"]
[White "Venkatesan, Kavin"]
[Black "Dargan, Paul A G"]
[Result "1-0"]
[WhiteElo "2006"]
[BlackElo "2100"]
[PlyCount "73"]
[EventDate "2022.04.30"]
[WhiteTeam "Gonzaga"]
[BlackTeam "North East England"]

1. d4 Nf6 2. c4 e6 3. Nc3 Bb4 4. a3 Bxc3+ 5. bxc3 c5 6. e3 O-O 7. Bd3 Nc6 8.
Ne2 d5 9. cxd5 exd5 10. O-O Re8 11. f3 Qa5 12. Bd2 Qc7 13. Qe1 b6 14. Qh4 Ne7
15. Rae1 Ng6 16. Qf2 Bb7 17. Ng3 Rad8 18. h3 Qd6 19. Nf5 Qd7 20. Ng3 Qa4 21.
Bc1 Ba6 22. Bxa6 Qxa6 23. e4 cxd4 24. cxd4 Rc8 25. e5 Nd7 26. f4 Qd3 27. Rd1
Qc2 28. Rd2 Qb3 29. f5 Ngf8 30. Nh5 Rc3 31. e6 Nf6 32. Nxf6+ gxf6 33. Re2 Qb5
34. Bh6 fxe6 35. fxe6 Nxe6 36. Qxf6 Qxe2 37. Qf7+ 1-0

[Event "4NCL Division 1 & 2"]
[Site "Daventry, ENG"]
[Date "2022.04.30"]
[Round "7.78"]
[White "Lampard, Alice"]
[Black "Freeman, Gordon"]
[Result "1/2-1/2"]
[WhiteElo "1915"]
[BlackElo "2099"]
[PlyCount "102"]
[EventDate "2022.04.30"]
[WhiteTeam "North East England"]
[BlackTeam "Gonzaga"]

1. d4 d5 2. c4 c6 3. Nf3 Nf6 4. Qc2 dxc4 5. Qxc4 Bg4 6. e3 Nbd7 7. Be2 e6 8.
O-O Bd6 9. Nc3 O-O 10. Rd1 Qe7 11. Qb3 Rab8 12. e4 e5 13. d5 Nc5 14. Qc2 cxd5
15. Nxd5 Nxd5 16. Rxd5 Be6 17. Rd1 Rbc8 18. Qb1 f6 19. Be3 Rfd8 20. Nd2 Qf7 21.
b3 Bf8 22. f3 Kh8 23. Nc4 b5 24. Nb2 a6 25. Nd3 Nxd3 26. Rxd3 Bb4 27. Qd1 Qe7
28. Rc1 h6 29. Bb6 Rxd3 30. Rxc8+ Bxc8 31. Qxd3 Bc5+ 32. Bxc5 Qxc5+ 33. Kf1
Qc1+ 34. Kf2 Qc5+ 35. Kf1 Be6 36. Qd2 Qa3 37. Kf2 Kh7 38. Qc2 Qd6 39. Qd3 Qxd3
40. Bxd3 Kg8 41. Ke3 Kf8 42. Kd2 Ke7 43. Kc3 Kd6 44. a3 Kc6 45. b4 g5 46. Be2
Bf7 47. Bd3 h5 48. Be2 h4 49. Bf1 Bg6 50. Bd3 Kd6 51. Bc2 Be8 1/2-1/2

[Event "4NCL Division 1 & 2"]
[Site "Daventry, ENG"]
[Date "2022.04.30"]
[Round "7.81"]
[White "Murphy, Conor E"]
[Black "Jones, Steven A"]
[Result "1/2-1/2"]
[WhiteElo "2403"]
[BlackElo "2246"]
[PlyCount "43"]
[EventDate "2022.04.30"]
[WhiteTeam "Cambridge University 1"]
[BlackTeam "West is Best 1"]

1. d4 Nf6 2. c4 e6 3. Nf3 Bb4+ 4. Bd2 Qe7 5. g3 Nc6 6. Bg2 Bxd2+ 7. Nbxd2 O-O
8. O-O d6 9. e3 e5 10. d5 Nb8 11. b4 a5 12. a3 Na6 13. Qb3 Bd7 14. Rfc1 c6 15.
dxc6 Bxc6 16. Qc3 axb4 17. axb4 Rac8 18. Qa3 Rfd8 19. Nb3 Be4 20. Nbd2 Bc6 21.
Nb3 Be4 22. Nbd2 1/2-1/2

[Event "4NCL Division 1 & 2"]
[Site "Daventry, ENG"]
[Date "2022.04.30"]
[Round "7.82"]
[White "Cooper, John G"]
[Black "Tanmay Chopra"]
[Result "0-1"]
[WhiteElo "2241"]
[BlackElo "2302"]
[PlyCount "108"]
[EventDate "2022.04.30"]
[WhiteTeam "West is Best 1"]
[BlackTeam "Cambridge University 1"]

1. Nf3 d5 2. g3 g6 3. Bg2 Bg7 4. d4 c6 5. O-O Nf6 6. b3 O-O 7. c4 Bf5 8. Bb2 b5
9. Nc3 Qb6 10. Ne5 Qb7 11. g4 Be6 12. g5 Nh5 13. Nxc6 bxc4 14. Na5 Qc7 15. Nxc4
Nf4 16. Ne3 Qd7 17. Na4 Na6 18. Kh1 Rad8 19. Rg1 f6 20. gxf6 Rxf6 21. Bf3 Nh3
22. Rg2 Bh6 23. Qd3 Qb7 24. Nc5 Nxc5 25. dxc5 Nf4 26. Qc2 Nxg2 27. Kxg2 Rxf3
28. exf3 d4 29. c6 Qc7 30. Qe4 Qd6 31. Bxd4 Bxe3 32. fxe3 Bd5 33. Qe5 Qxe5 34.
Bxe5 Bxc6 35. Rc1 Rd2+ 36. Kg3 Bd5 37. Rc5 Be6 38. Rc7 Rxa2 39. Rxe7 Bxb3 40.
Rg7+ Kf8 41. Rxh7 Bf7 42. Bd6+ Ke8 43. Kf4 Rd2 44. Bc5 a5 45. e4 Rc2 46. Bd6
Rd2 47. e5 a4 48. Kg5 Rd3 49. e6 Rd5+ 50. Kf4 Rxd6 51. Rxf7 Ra6 52. Rc7 a3 53.
Rc1 a2 54. Ra1 Ra5 0-1

[Event "4NCL Division 1 & 2"]
[Site "Daventry, ENG"]
[Date "2022.04.30"]
[Round "7.83"]
[White "Bisby, Daniel L"]
[Black "Blackburn, Jonathan L B"]
[Result "0-1"]
[WhiteElo "2282"]
[BlackElo "2215"]
[PlyCount "60"]
[EventDate "2022.04.30"]
[WhiteTeam "Cambridge University 1"]
[BlackTeam "West is Best 1"]

1. e4 e6 2. d4 d5 3. Nd2 Nc6 4. Ngf3 Nf6 5. e5 Nd7 6. Nb3 a5 7. a4 b6 8. Bb5
Bb7 9. O-O h6 10. Re1 g5 11. Nfd2 Bg7 12. Nf1 Qe7 13. Ng3 O-O-O 14. Nh5 f5 15.
exf6 Bxf6 16. Qg4 Rde8 17. Bd2 Rhf8 18. Re3 e5 19. dxe5 Bxe5 20. Rae1 Qd6 21.
Kh1 Rxf2 22. Ng3 Kb8 23. Bc3 Ref8 24. Bxc6 Bxc6 25. Bxe5 Nxe5 26. Qd4 Nc4 27.
R3e2 R2f4 28. Qc3 h5 29. h3 h4 30. Re6 hxg3 0-1

[Event "4NCL Division 1 & 2"]
[Site "Daventry, ENG"]
[Date "2022.04.30"]
[Round "7.84"]
[White "Kett, Tim"]
[Black "Hill, Alistair"]
[Result "1/2-1/2"]
[WhiteElo "2168"]
[BlackElo "2223"]
[PlyCount "90"]
[EventDate "2022.04.30"]
[WhiteTeam "West is Best 1"]
[BlackTeam "Cambridge University 1"]

1. e4 c5 2. Nf3 Nc6 3. d4 cxd4 4. Nxd4 Nf6 5. Nc3 e5 6. Ndb5 d6 7. Bg5 a6 8.
Na3 b5 9. Bxf6 gxf6 10. Nd5 f5 11. Bd3 Be6 12. c3 Bg7 13. Nc2 Bxd5 14. exd5 Ne7
15. a4 e4 16. Be2 bxa4 17. Rxa4 Qb6 18. Rb4 Qc5 19. c4 O-O 20. O-O f4 21. Rb7
Ng6 22. b4 Qc8 23. Rb6 f3 24. gxf3 Be5 25. fxe4 Qd8 26. c5 Qg5+ 27. Bg4 h5 28.
Ne3 Bf4 29. Re1 hxg4 30. Nxg4 Ne5 31. h3 Rfb8 32. Rxb8+ Rxb8 33. Kh1 Qh4 34.
Kg2 dxc5 35. Nxe5 Bxe5 36. bxc5 Kh7 37. Qf3 Qg5+ 38. Kf1 Kg7 39. d6 Rb2 40. Rd1
Rc2 41. d7 Bc7 42. Rd5 Rc1+ 43. Ke2 Rc2+ 44. Kf1 Rc1+ 45. Ke2 Rc2+ 1/2-1/2

[Event "4NCL Division 1 & 2"]
[Site "Daventry, ENG"]
[Date "2022.04.30"]
[Round "7.85"]
[White "McClement, Andrew"]
[Black "Macfarlane, Donald"]
[Result "1-0"]
[WhiteElo "2221"]
[BlackElo "2200"]
[PlyCount "82"]
[EventDate "2022.04.30"]
[WhiteTeam "Cambridge University 1"]
[BlackTeam "West is Best 1"]

1. Nf3 c5 2. e4 d6 3. d4 cxd4 4. Nxd4 Nf6 5. Nc3 a6 6. Be3 Qc7 7. f3 h5 8. Qd2
e6 9. O-O-O Nc6 10. Bd3 Ne5 11. Kb1 b5 12. g3 Bb7 13. h3 Rc8 14. g4 d5 15. g5
b4 16. gxf6 bxc3 17. fxg7 Bxg7 18. Qxc3 Qxc3 19. bxc3 Nxf3 20. exd5 Bxd5 21.
Rhf1 Ne5 22. Bxa6 Rxc3 23. Bb5+ Ke7 24. Bd2 Rxh3 25. Bb4+ Kd8 26. Nf5 Bf8 27.
Bxf8 Rxf8 28. c4 Kc7 29. cxd5 exf5 30. d6+ Kb6 31. d7 Rd8 32. a4 f6 33. Rxf5
Ng4 34. Rd6+ Kb7 35. Rc5 h4 36. Rc8 Rxd7 37. Bxd7 Rh1+ 38. Rc1 Rxc1+ 39. Kxc1
Kc7 40. Bxg4 Kxd6 41. Kd2 Kd5 1-0

[Event "4NCL Division 1 & 2"]
[Site "Daventry, ENG"]
[Date "2022.04.30"]
[Round "7.86"]
[White "Zeidler, Sven P."]
[Black "Mihalik, Agoston"]
[Result "1/2-1/2"]
[WhiteElo "2157"]
[BlackElo "2165"]
[PlyCount "61"]
[EventDate "2022.04.30"]
[WhiteTeam "West is Best 1"]
[BlackTeam "Cambridge University 1"]

1. e4 c5 2. Nc3 a6 3. f4 e6 4. Nf3 b5 5. d3 Bb7 6. Be2 d5 7. exd5 exd5 8. d4
Nf6 9. Be3 Nbd7 10. O-O Be7 11. Nh4 O-O 12. Nf5 Re8 13. Bf3 Bf8 14. Bf2 Ne4 15.
Bxe4 dxe4 16. Qg4 Kh8 17. dxc5 Nxc5 18. Rad1 Qc7 19. Nd5 Bxd5 20. Rxd5 Ne6 21.
Nd4 Nxd4 22. Bxd4 Qxc2 23. Rg5 f6 24. Rh5 e3 25. f5 e2 26. Re1 Qe4 27. Rxh7+
Kxh7 28. Qh3+ Kg8 29. Qb3+ Kh7 30. Qh3+ Kg8 31. Qb3+ 1/2-1/2

[Event "4NCL Division 1 & 2"]
[Site "Daventry, ENG"]
[Date "2022.04.30"]
[Round "7.87"]
[White "Robertson, J Stuart"]
[Black "Bullen, Alex"]
[Result "0-1"]
[WhiteElo "2162"]
[BlackElo "2079"]
[PlyCount "118"]
[EventDate "2022.04.30"]
[WhiteTeam "Cambridge University 1"]
[BlackTeam "West is Best 1"]

1. d4 Nf6 2. c4 e6 3. Nc3 Bb4 4. e3 O-O 5. Nge2 Re8 6. a3 Bf8 7. Ng3 d5 8. Be2
b6 9. O-O Bb7 10. b4 dxc4 11. e4 c5 12. dxc5 bxc5 13. b5 Nbd7 14. Bf4 Qa5 15.
Qc2 a6 16. Rfb1 e5 17. Be3 axb5 18. Nxb5 Qa4 19. Qc1 Reb8 20. Nc3 Qa6 21. a4
Bc6 22. a5 Rb4 23. f3 Rab8 24. Qf1 Rxb1 25. Nxb1 Bb5 26. Nc3 Ne8 27. Nxb5 Qxb5
28. Bxc4 Qb4 29. Bd5 Nc7 30. Bc6 Nf6 31. a6 Rb6 32. Bb7 Nfe8 33. Bf2 Nd6 34.
Bd5 Nxd5 35. exd5 Rb8 36. a7 Ra8 37. Qa6 Nc8 38. Rd1 Qb6 39. Qxb6 Nxb6 40. d6
Nd7 41. Ne4 Rxa7 42. Bxc5 Rb7 43. Ba3 Ra7 44. Rd3 f5 45. Ng5 h6 46. Ne6 Kf7 47.
Nc7 g5 48. Kf2 Bg7 49. Ke3 Bf6 50. g4 fxg4 51. fxg4 Ra4 52. h3 e4 53. Rb3 Bd4+
54. Ke2 Be5 55. Bb4 Bf4 56. Ba3 Rd4 57. Rb7 Rd2+ 58. Ke1 e3 59. Nd5 Bg3+ 0-1

[Event "4NCL Division 1 & 2"]
[Site "Daventry, ENG"]
[Date "2022.04.30"]
[Round "7.88"]
[White "Khoury, Theo"]
[Black "Stewart, Ashley"]
[Result "0-1"]
[WhiteElo "2129"]
[BlackElo "2069"]
[PlyCount "94"]
[EventDate "2022.04.30"]
[WhiteTeam "West is Best 1"]
[BlackTeam "Cambridge University 1"]

1. e4 e6 2. d4 d5 3. Nc3 Nf6 4. e5 Nfd7 5. Nce2 c5 6. c3 Nc6 7. Nf3 a5 8. a4
Qb6 9. g3 Be7 10. Bg2 O-O 11. O-O Qa6 12. Re1 b5 13. Bg5 Rb8 14. Qc2 h6 15.
Bxe7 Nxe7 16. Nf4 bxa4 17. Rxa4 Qb5 18. Rea1 Nc6 19. R4a2 Nb6 20. g4 cxd4 21.
Bf1 Nc4 22. Nxd4 Qb6 23. Nxc6 Qxc6 24. Re1 Qb6 25. Bd3 Ba6 26. Qe2 Rfc8 27. Kh1
Qc6 28. Rg1 d4+ 29. f3 dxc3 30. bxc3 Bb7 31. Be4 Qc5 32. Nd3 Qe3 33. Qxe3 Nxe3
34. Bxb7 Rxb7 35. Rxa5 Rxc3 36. Nf4 g6 37. h4 Rc2 38. Ra8+ Kh7 39. Nd3 Re2 40.
Rc1 Rd2 41. Ne1 Re2 42. Nd3 Nd5 43. g5 hxg5 44. hxg5 Rb3 45. Nc5 Rbb2 46. Nxe6
Rh2+ 47. Kg1 Rbg2+ 0-1

[Event "4NCL Division 1 & 2"]
[Site "Daventry, ENG"]
[Date "2022.04.30"]
[Round "7.91"]
[White "Reimanis, Ritvars"]
[Black "Cherniaev, Alexander"]
[Result "1/2-1/2"]
[WhiteElo "2515"]
[BlackElo "2443"]
[PlyCount "30"]
[EventDate "2022.04.30"]
[WhiteTeam "Celtic Tigers 1"]
[BlackTeam "Barnet Knights A"]

1. d4 e6 2. c4 b6 3. Nf3 Bb7 4. g3 Bb4+ 5. Bd2 Bxf3 6. exf3 Bxd2+ 7. Qxd2 Ne7
8. Bg2 d5 9. cxd5 exd5 10. Nc3 O-O 11. O-O Qd6 12. Rac1 c6 13. Rfe1 Nd7 14. Bh3
Nf6 15. Re3 Rfe8 1/2-1/2

[Event "4NCL Division 1 & 2"]
[Site "Daventry, ENG"]
[Date "2022.04.30"]
[Round "7.92"]
[White "Rocco, Federico"]
[Black "Pein, Malcolm"]
[Result "1/2-1/2"]
[WhiteElo "2202"]
[BlackElo "2310"]
[PlyCount "82"]
[EventDate "2022.04.30"]
[WhiteTeam "Barnet Knights A"]
[BlackTeam "Celtic Tigers 1"]

1. e4 d6 2. d4 Nf6 3. Nc3 g6 4. f4 Bg7 5. Nf3 O-O 6. Bd3 Na6 7. O-O c5 8. d5
Rb8 9. a4 Bg4 10. h3 Bxf3 11. Rxf3 Nc7 12. Qe2 Nd7 13. Nb5 a6 14. Na3 e6 15.
dxe6 fxe6 16. c3 d5 17. Be3 Qe7 18. Raf1 c4 19. Bb1 b5 20. exd5 exd5 21. Qe1 b4
22. Nc2 bxc3 23. bxc3 Rb2 24. Nd4 Qd6 25. f5 Ne5 26. R3f2 Rxf2 27. Qxf2 Qd7 28.
Qh4 Bf6 29. fxg6 Nxg6 30. Qh5 Qe8 31. Bf4 Ne6 32. Bxg6 hxg6 33. Qxd5 Bxd4+ 34.
cxd4 Qf7 35. g3 g5 36. Re1 Nxf4 37. Qxf7+ Rxf7 38. gxf4 Rxf4 39. d5 Rd4 40. Re6
Rxd5 41. Rc6 c3 1/2-1/2

[Event "4NCL Division 1 & 2"]
[Site "Daventry, ENG"]
[Date "2022.04.30"]
[Round "7.93"]
[White "Cyfka, Karina"]
[Black "Smith, Andrew Philip"]
[Result "1-0"]
[WhiteElo "2403"]
[BlackElo "2223"]
[PlyCount "69"]
[EventDate "2022.04.30"]
[WhiteTeam "Celtic Tigers 1"]
[BlackTeam "Barnet Knights A"]

1. d4 Nf6 2. c4 c5 3. d5 e6 4. Nc3 exd5 5. cxd5 d6 6. Nf3 g6 7. Nd2 Nbd7 8. e4
Bg7 9. Be2 O-O 10. O-O Ne8 11. a4 a6 12. Qc2 Rb8 13. f4 f5 14. exf5 gxf5 15.
Ra3 Ndf6 16. a5 Nc7 17. Bc4 Bd7 18. Rb3 Ng4 19. Nf3 Bd4+ 20. Kh1 Ne3 21. Bxe3
Bxe3 22. Ng5 Bd4 23. Rb6 Rf6 24. Qe2 Bxc3 25. bxc3 Bb5 26. Ne6 Qe7 27. Nxc7
Qxe2 28. Bxe2 Bxe2 29. Re1 Bd3 30. Ne8 Rg6 31. Nxd6 Rd8 32. Re6 Be4 33. Nxe4
fxe4 34. c4 Rxe6 35. Rxe6 1-0

[Event "4NCL Division 1 & 2"]
[Site "Daventry, ENG"]
[Date "2022.04.30"]
[Round "7.94"]
[White "Stoica, Savas Marin"]
[Black "Pein, Jonathan"]
[Result "0-1"]
[WhiteElo "2159"]
[BlackElo "2245"]
[PlyCount "108"]
[EventDate "2022.04.30"]
[WhiteTeam "Barnet Knights A"]
[BlackTeam "Celtic Tigers 1"]

1. e4 d5 2. exd5 Qxd5 3. Nc3 Qa5 4. d4 c6 5. Nf3 Bf5 6. Bc4 e6 7. O-O Nf6 8.
Bd2 Qc7 9. Re1 Bd6 10. Ne5 O-O 11. Bb3 Nbd7 12. Qe2 a6 13. Rad1 b5 14. Bf4 Nb6
15. Bg3 Nbd5 16. Nxd5 cxd5 17. a4 bxa4 18. Bxa4 Rfb8 19. Bb3 a5 20. Ra1 Rb4 21.
Ra4 Rab8 22. Rea1 h6 23. Qa6 Rxa4 24. Bxa4 Rxb2 25. Nd3 Bxd3 26. Bxd6 Bxa6 27.
Bxc7 Bb5 28. Bxb5 Rxb5 29. Bxa5 Rb2 30. Rc1 Ne4 31. f3 Nd6 32. Kf2 Nc4 33. Bc3
Ra2 34. Ke2 Ra3 35. Bb4 Ra2 36. Bc3 g5 37. h4 gxh4 38. Be1 h3 39. gxh3 f6 40.
Bb4 Kf7 41. f4 Kg6 42. Kf3 Kf5 43. Bf8 h5 44. Bb4 Ra4 45. Rb1 Ra2 46. Rc1 Na3
47. Bxa3 Rxa3+ 48. c3 h4 49. Rc2 Ra1 50. c4 dxc4 51. Rxc4 Ra3+ 52. Kg2 Rg3+ 53.
Kh2 Rf3 54. Rc5+ Ke4 0-1

[Event "4NCL Division 1 & 2"]
[Site "Daventry, ENG"]
[Date "2022.04.30"]
[Round "7.95"]
[White "Gallana, Marco"]
[Black "Josse, Mark"]
[Result "1/2-1/2"]
[WhiteElo "2281"]
[BlackElo "2221"]
[PlyCount "166"]
[EventDate "2022.04.30"]
[WhiteTeam "Celtic Tigers 1"]
[BlackTeam "Barnet Knights A"]

1. d4 d5 2. c4 e6 3. Nf3 a6 4. g3 dxc4 5. Bg2 c5 6. O-O Nc6 7. dxc5 Qxd1 8.
Rxd1 Bxc5 9. Nbd2 e5 10. Nxc4 f6 11. Nfd2 Be6 12. Ne4 Bxc4 13. Nxc5 Bxe2 14.
Rd6 Nge7 15. Be3 O-O 16. Nxb7 Rfc8 17. b3 Rab8 18. Re1 Bg4 19. Nc5 a5 20. Nd7
Bxd7 21. Rxd7 Rd8 22. Red1 Rxd7 23. Rxd7 Rd8 24. Rc7 Rd1+ 25. Bf1 Kf7 26. Kg2
Ke6 27. Bc5 f5 28. Bc4+ Kf6 29. a4 g5 30. Bb5 Rd5 31. Bb6 Rd6 32. Bc5 Rd5 33.
Ba3 Nb4 34. Bxb4 axb4 35. Bc4 Rd2 36. Rb7 g4 37. Rxb4 f4 38. gxf4 exf4 39. Kf1
f3 40. Ke1 Rb2 41. a5 Ke5 42. Bd3 Nc6 43. Re4+ Kd5 44. Rxg4 Nxa5 45. Be4+ Ke5
46. Bxf3 Nxb3 47. Kf1 Nd2+ 48. Kg2 Nxf3 49. Kxf3 Rb3+ 50. Kg2 Kf5 51. Rg7 h6
52. f3 Ra3 53. Rg4 Rb3 54. Kg3 Rb1 55. Rf4+ Kg5 56. h4+ Kg6 57. Ra4 Rh1 58.
Ra6+ Kh5 59. Ra5+ Kg6 60. Kg4 Rg1+ 61. Kf4 Rh1 62. Kg3 Rg1+ 63. Kh2 Rb1 64. h5+
Kg7 65. Kg3 Rh1 66. Rd5 Rg1+ 67. Kf4 Rh1 68. Rd7+ Kf6 69. Rd6+ Kg7 70. Rg6+ Kh7
71. Kg4 Rg1+ 72. Kf5 Rh1 73. Kf6 Rxh5 74. f4 Ra5 75. Rg7+ Kh8 76. Re7 Ra6+ 77.
Kf7 Ra5 78. Kf6 Ra6+ 79. Re6 Rxe6+ 80. Kxe6 Kg7 81. Ke7 Kg6 82. Ke6 Kg7 83. Ke7
Kg6 1/2-1/2

[Event "4NCL Division 1 & 2"]
[Site "Daventry, ENG"]
[Date "2022.04.30"]
[Round "7.96"]
[White "Willmoth, Robert F"]
[Black "Zulfic, Fedja"]
[Result "0-1"]
[WhiteElo "2106"]
[BlackElo "2221"]
[PlyCount "78"]
[EventDate "2022.04.30"]
[WhiteTeam "Barnet Knights A"]
[BlackTeam "Celtic Tigers 1"]

1. d4 Nf6 2. Nf3 g6 3. Bg5 Bg7 4. Nbd2 d5 5. e3 O-O 6. Bd3 c5 7. c3 Nc6 8. O-O
Qb6 9. Rb1 Re8 10. b4 cxb4 11. cxb4 e5 12. dxe5 Ng4 13. b5 Ncxe5 14. Be2 Bf5
15. Rb3 Nxf3+ 16. Bxf3 Qe6 17. Nb1 Nf6 18. Bxf6 Qxf6 19. Nc3 d4 20. exd4 Qxd4
21. Qxd4 Bxd4 22. Bxb7 Rab8 23. Bc6 Re5 24. Rc1 Be6 25. Ra3 Kg7 26. g3 Rd8 27.
Kg2 Bc5 28. Ra4 f5 29. Rc2 Bb6 30. Ne2 g5 31. h4 h6 32. f4 Re3 33. hxg5 h5 34.
Rb4 Rd1 35. Rbb2 Ra3 36. Bf3 Rxf3 37. Nd4 Bxd4 38. Rc7+ Bf7 39. Rbc2 Ra3 0-1

[Event "4NCL Division 1 & 2"]
[Site "Daventry, ENG"]
[Date "2022.04.30"]
[Round "7.97"]
[White "Quinn, John M"]
[Black "Pollack, Oscar"]
[Result "1/2-1/2"]
[WhiteElo "2201"]
[BlackElo "2149"]
[PlyCount "102"]
[EventDate "2022.04.30"]
[WhiteTeam "Celtic Tigers 1"]
[BlackTeam "Barnet Knights A"]

1. d4 Nf6 2. c4 c5 3. d5 e5 4. Nc3 d6 5. e4 Be7 6. Be2 O-O 7. f4 exf4 8. Bxf4
Nbd7 9. Nf3 Ng4 10. O-O Bf6 11. Bxd6 Ne3 12. Qd3 Nxf1 13. Rxf1 Re8 14. Nb5 Ne5
15. Bxe5 Bxe5 16. d6 Bg4 17. Qd5 Bf4 18. Nc7 Qxd6 19. Qxd6 Bxd6 20. Nxa8 Rxa8
21. Rd1 Bf4 22. Kf2 Kf8 23. g3 Bc7 24. Ke3 Re8 25. Nd2 Be6 26. Bd3 Be5 27. Nf3
Bg4 28. Rd2 Bf6 29. Kf4 h5 30. e5 g5+ 31. Ke3 Bxe5 32. Nxe5 Rxe5+ 33. Kf2 Ke7
34. Bf1 Rf5+ 35. Ke1 Bf3 36. Bd3 Re5+ 37. Kf2 g4 38. a3 Re6 39. b4 Ra6 40. bxc5
Rxa3 41. Ke3 Kf6 42. Kd4 Ra1 43. Be4 Bxe4 44. Kxe4 Re1+ 45. Kd5 Re5+ 46. Kd6
Re6+ 47. Kd5 a5 48. Rb2 Re7 49. Kd6 Re6+ 50. Kd5 Re5+ 51. Kd6 Re6+ 1/2-1/2

[Event "4NCL Division 1 & 2"]
[Site "Daventry, ENG"]
[Date "2022.04.30"]
[Round "7.98"]
[White "Ethelontis, Alexandros N"]
[Black "Pedersen, Carsten"]
[Result "0-1"]
[WhiteElo "2063"]
[BlackElo "2081"]
[PlyCount "68"]
[EventDate "2022.04.30"]
[WhiteTeam "Barnet Knights A"]
[BlackTeam "Celtic Tigers 1"]

1. Nf3 Nf6 2. c4 Nc6 3. Nc3 e5 4. g3 Bb4 5. Bg2 O-O 6. O-O Bxc3 7. bxc3 d6 8.
Rb1 Re8 9. Ne1 Na5 10. d3 e4 11. Qa4 b6 12. Bg5 Bf5 13. Rd1 h6 14. Bf4 Qe7 15.
Nc2 c5 16. Bxd6 Qxd6 17. dxe4 Bd7 18. Qxa5 Qxd1 19. Rxd1 bxa5 20. e5 Rab8 21.
exf6 Ba4 22. Rc1 Rxe2 23. Ne3 Rbb2 24. Rf1 Rxa2 25. Nf5 gxf6 26. Nxh6+ Kf8 27.
Bd5 Red2 28. Rb1 Rd1+ 29. Rxd1 Bxd1 30. Nxf7 Bf3 31. Bxf3 Kxf7 32. Bd5+ Kg7 33.
h4 a4 34. g4 a3 0-1

[Event "4NCL Division 1 & 2"]
[Site "Daventry, ENG"]
[Date "2022.04.30"]
[Round "7.101"]
[White "Kosten, Anthony C."]
[Black "Gormally, Daniel W"]
[Result "1/2-1/2"]
[WhiteElo "2371"]
[BlackElo "2471"]
[PlyCount "171"]
[EventDate "2022.04.30"]
[WhiteTeam "The ADs"]
[BlackTeam "Blackthorne"]

1. c4 e5 2. Nc3 Nf6 3. Nf3 Nc6 4. g3 Bb4 5. Bg2 O-O 6. Nd5 Bc5 7. b4 Nxd5 8.
bxc5 Nf6 9. O-O Qe7 10. Ba3 e4 11. Ne1 b6 12. Nc2 bxc5 13. d3 Rb8 14. dxe4 Nxe4
15. Qd3 Re8 16. Ne3 Qe5 17. Bxe4 Qxe4 18. Bxc5 d6 19. Ba3 Qxd3 20. exd3 Nd4 21.
Rab1 Bb7 22. Rb2 Nf3+ 23. Kg2 Nd2+ 24. Rxb7 Rxb7 25. Rd1 Nb1 26. Bc1 f6 27. h4
Re5 28. d4 Ra5 29. Re1 Kf7 30. d5 Rb8 31. Nf5 Re8 32. Be3 Na3 33. Rc1 g6 34.
Nd4 Rc5 35. Nc2 Ra5 36. Nd4 Ra4 37. c5 Nc4 38. Bf4 g5 39. hxg5 fxg5 40. Bxg5
Re5 41. Nf3 Rxd5 42. cxd6 cxd6 43. Rh1 Kg7 44. Bh6+ Kg6 45. Bf4 h5 46. Re1 Rxa2
47. Re6+ Kf7 48. Rh6 Kg7 49. Nh4 Re2 50. Rg6+ Kf7 51. Bh6 Re6 52. Rg7+ Ke8 53.
Ng6 Rf5 54. Rg8+ Kf7 55. Rg7+ Kf6 56. Nh4 Ra5 57. Rc7 Re4 58. Bg7+ Ke6 59. Ng6
Ne5 60. Nf4+ Rxf4 61. gxf4 Ng6 62. Bd4 a6 63. Be3 Nh4+ 64. Kh3 Nf5 65. Rh7 h4
66. Kg4 Ra1 67. Rh8 Rg1+ 68. Kf3 a5 69. Re8+ Kf7 70. Ra8 h3 71. Rh8 a4 72. Rxh3
a3 73. Rh7+ Ng7 74. Bd4 a2 75. Ke4 a1=Q 76. Rxg7+ Rxg7 77. Bxa1 Rg1 78. Bd4 Ke6
79. f5+ Kd7 80. f4 Rg4 81. Bh8 Rg8 82. Bd4 Re8+ 83. Kd5 Rb8 84. Ke4 Rb5 85. Bg7
Rb4+ 86. Bd4 1/2-1/2

[Event "4NCL Division 1 & 2"]
[Site "Daventry, ENG"]
[Date "2022.04.30"]
[Round "7.102"]
[White "Ansell, Simon T"]
[Black "Richardson, John R"]
[Result "1/2-1/2"]
[WhiteElo "2449"]
[BlackElo "2278"]
[PlyCount "132"]
[EventDate "2022.04.30"]
[WhiteTeam "Blackthorne"]
[BlackTeam "The ADs"]

1. e4 c6 2. d4 d5 3. e5 Bf5 4. Nf3 e6 5. Be2 c5 6. Be3 Qb6 7. Nc3 Qxb2 8. Nb5
c4 9. Nc7+ Kd7 10. Nxa8 Bxc2 11. Qc1 Ba3 12. O-O Nc6 13. Qe1 Nge7 14. Bd2 Rxa8
15. Bc3 Qb6 16. Qd2 Be4 17. Ng5 Bg6 18. h4 h5 19. Qd1 Bb2 20. Bxb2 Qxb2 21.
Bxh5 Qxd4 22. Qxd4 Nxd4 23. Bg4 Bd3 24. Rfd1 f6 25. exf6 gxf6 26. Nf3 Rg8 27.
Nxd4 Rxg4 28. Nb3 Bc2 29. Rd4 Rg8 30. Nc5+ Kd6 31. Nxb7+ Kc6 32. Na5+ Kc5 33.
Rd2 Bf5 34. Rc1 e5 35. Rb2 Bd3 36. Nb7+ Kd4 37. Nd6 Nc6 38. f3 e4 39. fxe4 dxe4
40. Nf5+ Kc5 41. Rb7 Rg4 42. Rc7 Kb6 43. Rg7 Rf4 44. Ne3 Kc5 45. g3 Rf3 46. h5
Rxe3 47. h6 Nd4 48. h7 Ne2+ 49. Kh2 Nxc1 50. h8=Q Re2+ 51. Kh3 Rf2 52. Qf8+ Kd4
53. Rd7+ Kc3 54. Qa3+ Kc2 55. Qa4+ Kd2 56. Qxc4 e3 57. Qb4+ Kd1 58. Qd4 Rd2 59.
Qa4+ Bc2 60. Qg4+ e2 61. Re7 Nd3 62. Qd4 Bb1 63. Qa4+ Bc2 64. Qd4 Bb1 65. Qa4+
Bc2 66. Qd4 Kc1 1/2-1/2

[Event "4NCL Division 1 & 2"]
[Site "Daventry, ENG"]
[Date "2022.04.30"]
[Round "7.103"]
[White "Baker, Chris W"]
[Black "Bates, Richard A"]
[Result "0-1"]
[WhiteElo "2272"]
[BlackElo "2381"]
[PlyCount "68"]
[EventDate "2022.04.30"]
[WhiteTeam "The ADs"]
[BlackTeam "Blackthorne"]

1. d4 Nf6 2. Nf3 g6 3. c3 Bg7 4. Bf4 O-O 5. Nbd2 d6 6. h3 Nbd7 7. Bh2 e6 8. Qb3
Qe7 9. Qa3 Qe8 10. e3 e5 11. dxe5 dxe5 12. Rd1 Nd5 13. Bc4 N5b6 14. e4 Nxc4 15.
Nxc4 f6 16. O-O Qf7 17. b3 Re8 18. Ne3 Bf8 19. b4 Nb6 20. Nd5 Be6 21. Qa5 Nc4
22. Qb5 Nb2 23. Qxb7 Nxd1 24. Rxd1 Bd6 25. Qc6 Red8 26. a3 Kg7 27. c4 a5 28. c5
Bd7 29. Qb7 Rdb8 30. Qxa8 Rxa8 31. cxd6 cxd6 32. Nb6 Qb3 33. Re1 Ra7 34. bxa5
Be6 0-1

[Event "4NCL Division 1 & 2"]
[Site "Daventry, ENG"]
[Date "2022.04.30"]
[Round "7.104"]
[White "Duncan, Chris R"]
[Black "Ahluwalia, Amardip"]
[Result "1-0"]
[WhiteElo "2273"]
[BlackElo "2233"]
[PlyCount "97"]
[EventDate "2022.04.30"]
[WhiteTeam "Blackthorne"]
[BlackTeam "The ADs"]

1. Nf3 Nf6 2. c4 c5 3. Nc3 d5 4. cxd5 Nxd5 5. e3 Nc6 6. Bc4 Nxc3 7. dxc3 Qxd1+
8. Kxd1 Bg4 9. e4 O-O-O+ 10. Kc2 Bxf3 11. gxf3 Ne5 12. Be2 e6 13. Be3 Be7 14.
Rhg1 Rhg8 15. h4 g6 16. a4 Nd7 17. Bg5 Rge8 18. a5 Bxg5 19. hxg5 Nf8 20. Bc4
Re7 21. Rad1 Rxd1 22. Rxd1 Rd7 23. Rh1 Kc7 24. Bb5 Rd8 25. f4 Kc8 26. Rh3 Kc7
27. e5 Kc8 28. Rd3 Nd7 29. Kb3 a6 30. Bxd7+ Rxd7 31. Rh3 Kd8 32. Rxh7 Ke7 33.
Rh8 Rc7 34. Kc4 Kd7 35. Rh1 Ke7 36. Rd1 Ke8 37. Rd6 Ke7 38. b3 Ke8 39. Rd3 Ke7
40. Rh3 Ke8 41. Rh7 Ke7 42. Rh2 Ke8 43. Rh1 Ke7 44. Rh7 Ke8 45. f5 exf5 46. e6
Rc6 47. exf7+ Ke7 48. f8=Q+ Kxf8 49. Rxb7 1-0

[Event "4NCL Division 1 & 2"]
[Site "Daventry, ENG"]
[Date "2022.04.30"]
[Round "7.105"]
[White "Snape, Ian L"]
[Black "Webb, Laurence E"]
[Result "1/2-1/2"]
[WhiteElo "2211"]
[BlackElo "2277"]
[PlyCount "93"]
[EventDate "2022.04.30"]
[WhiteTeam "The ADs"]
[BlackTeam "Blackthorne"]

1. Nf3 Nf6 2. c4 g6 3. Nc3 Bg7 4. e4 d6 5. d4 O-O 6. Be2 c5 7. O-O Nc6 8. d5
Na5 9. Rb1 Bd7 10. a3 b6 11. Nd2 a6 12. f4 Rb8 13. a4 Ne8 14. Qc2 Nc7 15. b3 b5
16. axb5 axb5 17. cxb5 Nxb5 18. Nxb5 Bxb5 19. Bxb5 Rxb5 20. Bb2 Bxb2 21. Rxb2
Qb6 22. Kh1 Rb8 23. e5 c4 24. Nxc4 Nxc4 25. Qxc4 Rxb3 26. Rxb3 Qxb3 27. Qc7 Qb1
28. Rc1 Rb7 29. Qc8+ Kg7 30. exd6 exd6 31. Qc3+ f6 32. Qc6 Qb4 33. h3 Re7 34.
Rf1 h5 35. Qc2 Qe4 36. Qc6 Qd3 37. Kg1 Qg3 38. Qc4 Qe3+ 39. Kh1 Qe2 40. Qc1 h4
41. Qa1 Qd3 42. Re1 Rb7 43. Qa8 Rb1 44. Qe8 Rxe1+ 45. Qxe1 Qxd5 46. Qe7+ Qf7
47. Qxd6 1/2-1/2